000 00431nam a22001697a 4500
005 20160530122533.0
008 160530b xxu||||| |||| 00| 0 eng d
020 _a81-7808-025-7
041 _aeng
082 _b6054
100 _aVarshney, R.L. & Bhattacharya B
_91522
245 _aInternational Marketing Mgt.
260 _aNew Delhi
_bSultan Chand & Sons,
_c2007
300 _a524
650 _aManagement
_9241
942 _cBK
999 _c2149
_d2148